000
00279nam a2200121Ia 4500
005
20251222155101.0
008
251222s9999||||xx |||||||||||||| ||spa||
082
_a
ESC.88
100
_a
Ministerio de Salud
245
0
_a
Educación para la salud
264
_b
MINSA
942
_c
LIB
999
_c
37673
_d
37673